000 00647nam a2200229 i 4500
001 000046382
003 DO-SdBNP
005 20230911134156.0
007 ta
008 150806s1998 dr a 000 0 spa d
040 _aDO-SdBNP
_bspa
_cBNPHU
_erda
082 4 _222
245 0 0 _aContra la violencia intrafamiliar :
_bversión explicada de la Ley 24-97.
250 _a5ed.
264 _aSanto Domingo :
_bProfamilia,
_c1998.
300 _a28 páginas :
_bilustraciones ;
_c28 cm.
336 _2rdacontent
_atexto
_btxt
337 _2rdamedia
_asin mediación
_bnc
338 _2rdacarrier
_avolumen
_bn
910 _aBtavárez
942 _2ddc
_cLF2
999 _c45871
_d45871